| 000 | 00475nam a2200157 4500 | ||
|---|---|---|---|
| 001 | 121633 | ||
| 003 | ES-MaACL | ||
| 005 | 20230906191805.0 | ||
| 007 | t| | ||
| 008 | 070214s1949 sp r ||||1| spa d | ||
| 100 | 1 |
_aPortabella Durán, Pedro. _993184 |
|
| 245 | 1 | 3 |
_aLa psicotecnia del sujeto desde el punto de vista neurológico / _cPedro Portabella Durán. |
| 260 |
_aBarcelona : _b[s.n.], _c1949. |
||
| 300 |
_a15 p. ; _c22 cm. |
||
| 852 |
_aES-MaACL _j1909-F-1 _bR.29252 |
||
| 999 |
_c121633 _d121633 |
||